<?xml version="1.0" encoding="UTF-8"?>
<record
    xmlns:xsi="http://www.w3.org/2001/XMLSchema-instance"
    xsi:schemaLocation="http://www.loc.gov/MARC21/slim http://www.loc.gov/standards/marcxml/schema/MARC21slim.xsd"
    xmlns="http://www.loc.gov/MARC21/slim">

  <leader>01901nam a22002057a 4500</leader>
  <controlfield tag="005">20240301160615.0</controlfield>
  <controlfield tag="008">240301b           ||||| |||| 00| 0 eng d</controlfield>
  <datafield tag="020" ind1=" " ind2=" ">
    <subfield code="a">9781433832222</subfield>
  </datafield>
  <datafield tag="040" ind1=" " ind2=" ">
    <subfield code="c">AL</subfield>
  </datafield>
  <datafield tag="041" ind1=" " ind2=" ">
    <subfield code="a">eng</subfield>
  </datafield>
  <datafield tag="082" ind1=" " ind2=" ">
    <subfield code="2">23</subfield>
    <subfield code="a">150.72</subfield>
    <subfield code="b">MCCS</subfield>
  </datafield>
  <datafield tag="100" ind1=" " ind2=" ">
    <subfield code="a">Kelly S Mcclure</subfield>
    <subfield code="9">152564</subfield>
  </datafield>
  <datafield tag="245" ind1=" " ind2=" ">
    <subfield code="a">Selecting and describing your research instruments</subfield>
    <subfield code="b">: concise guides to conducting behavioral health and social science research.</subfield>
  </datafield>
  <datafield tag="260" ind1=" " ind2=" ">
    <subfield code="a">American</subfield>
    <subfield code="b">American Psychological Association</subfield>
    <subfield code="c">2020</subfield>
  </datafield>
  <datafield tag="300" ind1=" " ind2=" ">
    <subfield code="a">xiii,125p.</subfield>
    <subfield code="b">PB</subfield>
    <subfield code="c">23x15cm.</subfield>
  </datafield>
  <datafield tag="365" ind1=" " ind2=" ">
    <subfield code="2">General</subfield>
    <subfield code="a">7740</subfield>
    <subfield code="b">&#x20B9;2023.00</subfield>
    <subfield code="c">&#x20B9;</subfield>
    <subfield code="d">&#x20B9;2594.00</subfield>
    <subfield code="e">22%</subfield>
    <subfield code="f">15/02/2024</subfield>
  </datafield>
  <datafield tag="520" ind1=" " ind2=" ">
    <subfield code="a">Emerging researchers are often surprised to learn that instrument selection is a complex and important step in the process of research design. The first of its kind, this concise guide explains how to identify appropriate instruments, select the best ones for the job, and properly describe the instruments so that others will know how and why they were chosen. Each chapter in the book focuses on a specific aspect of instrument selection, with illuminating examples and helpful worksheets to fill out along the way. Topics include pinpointing what to measure, types of instruments, resources for identifying instruments, organizing information and taking notes, describing instruments for different audiences, ethical issues, considerations around individual differences and diversity, consulting with advisors, and troubleshooting.   This book is part of APA's Concise Guides to Conducting Behavioral, Health, and Social Science Research series. Aimed at undergraduate students in research methods courses or others with a lab or research project, each book describes a key stage in the research process. Collectively, these books provide a solid grounding in research from start to finish.</subfield>
  </datafield>
  <datafield tag="650" ind1=" " ind2=" ">
    <subfield code="2">Psychology</subfield>
    <subfield code="a">Psychology research</subfield>
    <subfield code="9">152565</subfield>
  </datafield>
  <datafield tag="942" ind1=" " ind2=" ">
    <subfield code="2">ddc</subfield>
    <subfield code="c">BK</subfield>
  </datafield>
  <datafield tag="999" ind1=" " ind2=" ">
    <subfield code="c">229959</subfield>
    <subfield code="d">229959</subfield>
  </datafield>
  <datafield tag="952" ind1=" " ind2=" ">
    <subfield code="0">0</subfield>
    <subfield code="1">0</subfield>
    <subfield code="2">ddc</subfield>
    <subfield code="4">0</subfield>
    <subfield code="7">0</subfield>
    <subfield code="8">CPSY</subfield>
    <subfield code="a">SACPG</subfield>
    <subfield code="b">SACPG</subfield>
    <subfield code="d">2024-02-24</subfield>
    <subfield code="e">Biblios Book Point</subfield>
    <subfield code="g">2023.00</subfield>
    <subfield code="l">0</subfield>
    <subfield code="o">150.72 MCCS</subfield>
    <subfield code="p">PG024665</subfield>
    <subfield code="r">2024-03-01 00:00:00</subfield>
    <subfield code="v">2594.00</subfield>
    <subfield code="w">2024-03-01</subfield>
    <subfield code="y">BK</subfield>
  </datafield>
</record>
